00298 a2200133 450000100060000002000060000604000370001210000260004924000270007524500220010230000070012436200090013165000240014071598 a  cAnchieta - Colégio São Paulo aGouveia, Luis Augusto10aSonhos de Ícarolpor10aSonhos de Ícaro a320 a2001 4aLiteratura infantil